Political Positions of Communist China - Statistics

General Stats
  • This quiz has been taken 18 times
  • The average score is 19 of 49
Answer Stats
Answer % Correct
Xi Jinping
100%
Mao Zedong
91%
Deng Xiaoping
82%
Hu Jintao
82%
Jiang Zemin
82%
Hua Guofeng
73%
Li Keqiang
64%
Zhou Enlai
64%
Zhu De
64%
Chen Duxiu
55%
Hu Yaobang
55%
Li Qiang
55%
Dong Biwu
45%
Lin Biao
45%
Liu Shaoqi
45%
Li Xiannian
45%
Song Qingling
45%
Yang Shangkun
45%
Ye Jianying
45%
Zhao Ziyang
45%
Zhu Rongji
45%
Chen Yun
36%
Han Zheng
36%
Li Peng
36%
Wen Jiabao
36%
Bo Gu
27%
Huang Ju
27%
Peng Zhen
27%
Qiao Shi
27%
Wang Qishan
27%
Wang Zhen
27%
Wan Li
27%
Zhao Leji
27%
Ding Xuexiang
18%
Li Lisan
18%
Li Yuanchao
18%
Li Zhanshu
18%
Qu Qiubai
18%
Rong Yiren
18%
Ulanhu
18%
Wu Bangguo
18%
Wu Yi
18%
Xiang Zhongfa
18%
Yao Yilin
18%
Zeng Qinghong
18%
Zhang Dejiang
18%
Zhang Gaoli
18%
Zhang Wentian
18%
Li Lanqing
9%
No matching quizzes found
Score Distribution
Percent of People with Each Score
Percentile by Number Answered
Your Score History
You have not taken this quiz